[Event "AUS Masters IM"]
[Site "Melbourne AUS"]
[Date "2013.12.22"]
[Round "9.5"]
[White "Smirnov, Vladimir1"]
[Black "Brown, Andrew"]
[Result "1/2-1/2"]
[WhiteTitle "IM"]
[BlackTitle "IM"]
[WhiteElo "2379"]
[BlackElo "2245"]
[WhiteFideId "4126505"]
[BlackFideId "3206513"]
[EventDate "2013.12.14"]

1. d4 Nf6 2. Nf3 g6 3. Bg5 Bg7 4. e3 O-O 5. Be2 c5 6. c3 cxd4 7. exd4 d6 8. Nbd2
Qc7 9. O-O e5 10. dxe5 dxe5 11. Qa4 h6 12. Bxf6 Bxf6 13. Ne4 Bg7 14. Rfd1 Nc6
15. Rd2 Bd7 16. Nc5 Be8 17. Qa3 Qe7 18. Bb5 a6 19. Bf1 Rc8 20. b4 e4 21. Re1 f5
22. Nd4 Nxd4 23. cxd4 Bf7 24. d5 Rfd8 25. d6 Rxd6 26. Red1 Rcd8 27. Rxd6 Rxd6
28. Rxd6 Qxd6 29. Nxb7 Qd2 30. Qxa6 Bd4 31. Qe2 Qxb4 32. Nd8 Bd5 33. Qb5 Qxb5
34. Bxb5 Bxa2 35. Bd7 Bb1 36. Be6+ Kg7 37. Bb3 Kf6 38. Ne6 Ba7 39. Nf8 f4 40.
Ne6 g5 41. Nc7 Bc5 42. Nd5+ Ke5 43. g3 e3 44. gxf4+ gxf4 45. fxe3 fxe3 46. Kf1
Bd3+ 47. Ke1 Ke4 48. Nc3+ Kf4 49. Ne2+ Kg4 50. Be6+ Kh4 51. Kf1 Bd6 52. h3 Kg5
53. Bc8 Bc4 54. Bb7 Bc5 55. Bf3 Bd6 56. Bb7 Kh4 57. Bc8 Be5 58. Bd7 Ba6 59. Be6
Kg5 60. Bd7 Bf4 61. Ke1 Bh2 62. Kf1 Bg3 63. Be6 Bh4 64. Bg4 Bb7 65. Bd7 Be4 66.
Bc8 Bd3 67. Bd7 Kf6 68. Bg4 Be4 69. Nc3 Bd3+ 70. Ne2 Bf5 71. Bxf5 Kxf5 72. Kg2
Ke4 73. Nc1 h5 74. Ne2 Be1 75. Nc1 Bc3 76. Ne2 Be5 77. Nc1 h4 78. Ne2 Bb2 79.
Ng1 Bc3 80. Ne2 Bd2 81. Ng1 Be1 82. Ne2 Bf2 83. Nc1 Bg3 84. Ne2 Be1 85. Nc1 Bc3
86. Ne2 Bb2 87. Ng1 Kd3 88. Kf1 Be5 89. Ne2 Kd2 90. Ng1 Kd1 91. Ne2 Kc2 92. Ng1
Bh2 93. Nf3 Kd1 94. Nd4 Bg3 95. Ne2 Kd2 96. Ng1 Bh2 97. Nf3+ Kd1 98. Nd4 Be5 99.
Ne2 Kd2 100. Ng1 Kd3 101. Ne2 Bh2 102. Nc1+ Ke4 103. Kg2 Be5 104. Ne2 Bb2 105.
Ng1 Kd3 106. Kf1 Be5 107. Ne2 Bg3 108. Nc1+ Kd2 109. Ne2 Bh2 110. Nd4 e2+ 111.
Nxe2 Ke3 112. Kg2 Kxe2 113. Kxh2 Kf2 114. Kh1 Kg3 115. Kg1 Kxh3 116. Kh1 Kg3
117. Kg1 h3 118. Kh1 h2 1/2-1/2